[Event "25th Abu Dhabi Master 2018"]
[Site "Abu Dhabi"]
[Date "2018.08.08"]
[Round "2"]
[White "Raja, Rithvik R"]
[Black "Lupulescu, Constantin"]
[Result "1/2-1/2"]
[WhiteElo "2436"]
[BlackElo "2619"]
[Annotator "TA"]
[PlyCount "50"]
[EventDate "2018.08.05"]
[EventType "swiss"]
[EventCountry "UAE"]
[SourceTitle "playchess.com"]
[Source "ChessBase"]
[SourceQuality "1"]

{[%evp 11,50,16,26,15,15,24,17,14,12,10,26,0,0,-7,-3,-13,0,0,0,0,0,0,0,0,0,4,80,11,18,0,3,0,30,29,60,25,23,25,30,0,0]} 1. Nf3 d5 2. d4 Nf6 3. c4 e6 4. g3 Bb4+ 5. Bd2 Bd6 (5... Be7 6. Bg2 O-O 7. O-O Nbd7 8. b4 c6 9. a4 Bd6 10. Qc2 e5 11. cxd5 cxd5 12. dxe5 Nxe5 13. Bc3 Re8 14. Nbd2 Nxf3+ 15. Bxf3 Bh3 {½-½ (58) So,W (2778)-Karjakin,S (2782) Stavanger 2018}) 6. Nc3 {E01: Katalanisch} Nbd7 {LiveBook: 6 Partien} 7. cxd5 exd5 8. Nb5 Ne4 9. Nxd6+ Nxd6 10. Bg2 O-O 11. O-O Re8 12. Rc1 $146 ({Vorgänger:} 12. Bf4 Nb6 {0-1 (57) Swiercz,D (2656)-Sturua,Z (2548) Gjakova 2016}) 12... c6 13. Bf4 Nf8 14. Bxd6 Qxd6 15. e3 Bf5 16. Ne5 Nd7 17. Nxd7 Qxd7 18. Rc5 Re6 {[#]} (18... a6 $11 {bleibt in der Remisbreite.}) 19. b4 (19. e4 $1 $16 {[%cal Re4f5][%mdl 512]} Rxe4 (19... dxe4 20. Rxf5) 20. Bxe4 dxe4 21. d5) 19... Rh6 $11 {Droht stark ...b6.} 20. h4 Bh3 21. Kh2 Bg4 22. Qd2 Rh5 23. Kg1 (23. b5 $5) 23... Bh3 24. Qe2 Rh6 25. Kh2 Bg4 {Precision: Weiß = 59%, Schwarz = 63%.} 1/2-1/2

[Event "25th Abu Dhabi Master 2018"]
[Site "Abu Dhabi"]
[Date "2018.08.08"]
[Round "2"]
[White "Mammadzada, Gunay Vuqar Qizi"]
[Black "Gupta, Abhijeet"]
[Result "1-0"]
[WhiteElo "2426"]
[BlackElo "2614"]
[Annotator "TA"]
[PlyCount "103"]
[EventDate "2018.08.05"]
[EventType "swiss"]
[EventCountry "UAE"]
[SourceTitle "playchess.com"]
[Source "ChessBase"]
[SourceQuality "1"]

{[%evp 20,103,25,0,0,0,0,0,0,0,0,0,10,0,19,0,93,16,45,49,45,45,45,41,159,158,264,264,244,252,254,235,249,216,289,281,283,248,302,268,308,296,383,377,487,324,317,268,272,254,266,244,265,260,256,233,226,202,216,210,212,202,212,200,283,283,274,258,258,262,400,389,705,775,766,720,5913,5913,4837,1887,1516,1112,1047,1030,1006,886]} 1. e4 e6 2. d4 d5 3. Nd2 c5 4. exd5 Qxd5 5. Ngf3 cxd4 6. Bc4 Qd7 {C07: French Tarrasch: 3...c5, 4 Ngf3 and 4 exd5 Qxd5} (6... Qd6 7. O-O Nf6 8. Nb3 Nc6 9. Nbxd4 Nxd4 10. Nxd4 a6 11. Re1 Qc7 12. Qe2 Bc5 13. c3 O-O 14. Bg5 b5 15. Bd3 Nd5 16. Qh5 g6 17. Qh4 Bb7 18. a4 bxa4 19. Rxa4 Rfe8 20. Nf3 {1-0 (29) Wei,Y (2729)-So,W (2780) chess.com INT 2018}) 7. O-O Nc6 8. Nb3 a6 9. Nbxd4 Nxd4 10. Nxd4 Qc7 11. Bd3 {LiveBook: 15 Games} Bd6 12. Qh5 Nf6 13. Qh4 Bd7 14. Rb1 $146 ({Predecessor:} 14. Bg5 O-O-O 15. Nf3 Bc6 16. Bxf6 gxf6 17. Qxf6 Rhg8 18. h3 Rxg2+ 19. Kxg2 Rg8+ 20. Kh1 Be5 {0-1 (20) Dolana,A (2379)-Gavrilescu,D (2361) Baile Govora 2017}) 14... h6 15. b4 Be7 16. Re1 Nd5 17. Qh5 Nxb4 (17... Qd6 $11 {keeps the balance.}) 18. Be4 ({White should try} 18. Bg6 $16 fxg6 19. Qxg6+ Kf8 20. Rb3) 18... Qc5 19. Qxc5 Bxc5 20. c3 {Hoping for Nb3.} Nc6 21. Rxb7 Na5 {[#]} (21... Nxd4 $14 22. cxd4 Bxd4) 22. Nb3 $1 $36 {[%cal Rb3a5][%mdl 2048] Keeping Black busy.} Nxb7 (22... Nxb3 $16 {keeps fighting.} 23. axb3 g5) 23. Bxb7 $18 Bxf2+ 24. Kxf2 Rb8 25. Na5 (25. Bxa6 $6 Bb5 $16) 25... Bc8 26. Bc6+ Ke7 27. Ba3+ Kf6 28. Rd1 Kg6 29. Ke3 f5 30. Nc4 Kh7 31. Bd6 Rd8 32. Ke2 Rb5 33. Bxb5 axb5 34. Ne3 Rd7 35. Rd4 g5 36. g3 Kg6 37. Rd2 Bb7 38. Be5 Bf3+ 39. Ke1 Ra7 40. Kf2 Be4 41. Rb2 f4 (41... Ra5 $142 42. Rd2 Bb1) 42. gxf4 gxf4 43. Ng2 (43. Bxf4 $6 Rf7 $16) 43... Kf5 44. Bd4 ({Resist} 44. Bxf4 $6 Bxg2 45. Be3 (45. Bxh6 Bd5 $11) 45... Rg7 $16) ({Worse is} 44. Nxf4 Kxe5 45. Ke3 Bc6 $11) 44... Ra8 (44... Ra5 {was worth a try.} 45. Re2 e5) 45. Rxb5+ Bd5 $2 {[#]} (45... Kg4) 46. c4 {White is clearly winning.} Rxa2+ 47. Bb2 Kg4 48. cxd5 exd5 49. Rb3 f3 50. Ne1 d4 51. Nxf3 d3 52. Rb4+ {Precision: White = 70%, Black = 44%.} 1-0

[Event "25th Abu Dhabi Master 2018"]
[Site "Abu Dhabi"]
[Date "2018.08.08"]
[Round "2"]
[White "Ikeda, Junta"]
[Black "Pantsulaia, Levan"]
[Result "0-1"]
[WhiteElo "2419"]
[BlackElo "2587"]
[Annotator "ChessBase"]
[PlyCount "76"]
[EventDate "2018.08.05"]
[EventType "swiss"]
[EventCountry "UAE"]
[SourceTitle "playchess.com"]
[Source "ChessBase"]
[SourceQuality "1"]
[TimeControl "5400+30"]

1. d4 {[%emt 0:00:00]} Nf6 {[%emt 0:01:15]} 2. Bg5 {[%emt 0:00:00]} e6 {[%emt 0:03:29]} 3. Nd2 {[%emt 0:00:00]} c5 {[%emt 0:00:43]} 4. e3 {[%emt 0:00:21]} Nc6 {[%emt 0:02:22]} 5. c3 {[%emt 0:00:59]} b6 {[%emt 0:03:51]} 6. Ne4 {[%emt 0:07:54]} Be7 {[%emt 0:08:29]} 7. Bxf6 {[%emt 0:00:44]} gxf6 {[%emt 0:00:07]} 8. d5 {[%emt 0:06:22]} Ne5 {[%emt 0:35:07]} 9. d6 {[%emt 0:14:39]} Bf8 {[%emt 0:00:20]} 10. f4 {[%emt 0:03:30]} Bb7 {[%emt 0:07:03]} 11. Ng3 {[%emt 0:06:34]} Ng6 {[%emt 0:04:41]} 12. f5 {[%emt 0:35:39]} Ne5 {[%emt 0:00:37]} 13. fxe6 {[%emt 0:11:15]} fxe6 {[%emt 0:00:55]} 14. Qh5+ {[%emt 0:00:40]} Nf7 {[%emt 0:04:38]} 15. O-O-O {[%emt 0:00:51]} f5 {[%emt 0:00:29]} 16. Nf3 {[%emt 0:07:34]} Qf6 {[%emt 0:00:19]} 17. Bc4 {[%emt 0:00:43]} Qh6 {[%emt 0:05:21]} 18. Qxh6 {[%emt 0:00:28]} Bxh6 {[%emt 0:00:07]} 19. Nh5 {[%emt 0:00:27]} O-O-O {[%emt 0:01:57]} 20. Nf4 {[%emt 0:00:42]} Be4 {[%emt 0:03:07]} 21. Rhe1 {[%emt 0:00:34]} Kb7 {[%emt 0:00:15]} 22. Re2 {[%emt 0:00:25]} Bxf3 {[%emt 0:02:37]} 23. gxf3 {[%emt 0:00:04]} Ne5 {[%emt 0:00:07]} 24. Bb3 {[%emt 0:00:54]} c4 {[%emt 0:01:55]} 25. Bc2 {[%emt 0:00:28]} Nxf3 {[%emt 0:00:05]} 26. b3 {[%emt 0:00:37]} Rc8 {[%emt 0:01:13]} 27. b4 {[%emt 0:00:24]} b5 {[%emt 0:03:45]} 28. Kb2 {[%emt 0:00:17]} Ng5 {[%emt 0:01:17]} 29. Rf2 {[%emt 0:00:41]} Rhf8 {[%emt 0:01:30]} 30. a4 {[%emt 0:00:33]} a6 {[%emt 0:00:05]} 31. axb5 {[%emt 0:00:16]} axb5 {[%emt 0:00:05]} 32. Ra1 {[%emt 0:00:33]} Ra8 {[%emt 0:01:29]} 33. Rxa8 {[%emt 0:00:31]} Kxa8 {[%emt 0:00:07]} 34. Ne2 {[%emt 0:00:32]} Kb7 {[%emt 0:01:42]} 35. Rf4 {[%emt 0:00:46]} Nf7 {[%emt 0:02:20]} 36. Rh4 {[%emt 0:00:17]} Bxe3 {[%emt 0:00:06]} 37. Rxh7 {[%emt 0:00:24]} Kc6 {[%emt 0:00:10]} 38. Rh3 {[%emt 0:00:23]} f4 {[%emt 0:01:00]} 0-1

[Event "25th Abu Dhabi Master 2018"]
[Site "Abu Dhabi"]
[Date "2018.08.08"]
[Round "2"]
[White "Jonkman, Harmen"]
[Black "Varshini, Veileven"]
[Result "1-0"]
[WhiteElo "2404"]
[BlackElo "2205"]
[Annotator "NA"]
[PlyCount "103"]
[EventDate "2018.08.05"]
[EventType "swiss"]
[EventCountry "UAE"]
[SourceTitle "playchess.com"]
[Source "ChessBase"]
[SourceQuality "1"]
[TimeControl "5400+30"]

1. e4 {[%emt 0:01:38]} c5 {[%emt 0:00:08]} 2. Nf3 {[%emt 0:00:07]} d6 {[%emt 0:00:15]} 3. c3 {[%emt 0:00:14]} Nf6 {[%emt 0:00:39]} 4. Bd3 {[%emt 0:00:35]} Nc6 {[%emt 0:02:25]} 5. Bc2 {[%emt 0:01:11]} e6 {[%emt 0:02:08]} 6. O-O {[%emt 0:00:22]} Be7 {[%emt 0:00:47]} 7. Re1 {[%emt 0:00:34]} O-O {[%emt 0:01:09]} 8. d4 {[%emt 0:00:59]} cxd4 {[%emt 0:02:44]} 9. cxd4 {[%emt 0:00:09]} Nb4 {[%emt 0:03:12]} 10. Bb3 {[%emt 0:00:35]} d5 {[%emt 0:01:51]} 11. e5 {[%emt 0:00:05]} Nd7 {[%emt 0:00:38]} 12. Nc3 {[%emt 0:03:27]} a6 {[%emt 0:04:00]} 13. Ne2 {[%emt 0:10:55]} Re8 {[%emt 0:05:00]} 14. g3 {[%emt 0:13:09]} b5 {[%emt 0:14:17]} 15. h4 {[%emt 0:00:51]} a5 {[%emt 0:09:44]} 16. a3 {[%emt 0:00:25]} Nc6 {[%emt 0:05:24]} 17. Bg5 {[%emt 0:00:32]} Ba6 {[%emt 0:05:25]} 18. Nf4 {[%emt 0:14:09]} a4 {[%emt 0:11:24]} 19. Bc2 {[%emt 0:04:46]} h6 {[%emt 0:04:52]} 20. Bxe7 {[%emt 0:06:18]} Qxe7 {[%emt 0:00:11]} 21. Qd3 {[%emt 0:02:14]} Nf8 {[%emt 0:03:09]} 22. Qd2 {[%emt 0:00:08]} Bb7 {[%emt 0:02:30]} 23. Nh5 {[%emt 0:00:19]} Na5 {[%emt 0:06:31]} 24. Nh2 {[%emt 0:03:59]} Nc4 {[%emt 0:01:53]} 25. Qf4 {[%emt 0:00:22]} Ng6 {[%emt 0:02:01]} 26. Qg4 {[%emt 0:02:38]} Nxb2 {[%emt 0:01:35]} 27. Bxg6 {[%emt 0:07:58]} fxg6 {[%emt 0:00:05]} 28. Qxg6 {[%emt 0:00:05]} Kh8 {[%emt 0:01:47]} 29. Reb1 {[%emt 0:05:04]} Nc4 {[%emt 0:01:22]} 30. Rxb5 {[%emt 0:00:05]} Bc6 {[%emt 0:05:22]} 31. Rc5 {[%emt 0:01:10]} Rec8 {[%emt 0:00:11]} 32. Nf4 {[%emt 0:04:50]} Bd7 {[%emt 0:00:51]} 33. Rxc8+ {[%emt 0:00:13]} Rxc8 {[%emt 0:00:17]} 34. Ng4 {[%emt 0:00:38]} Rf8 {[%emt 0:01:36]} 35. Kg2 {[%emt 0:04:22]} Rxf4 {[%emt 0:01:33]} 36. gxf4 {[%emt 0:00:17]} Be8 {[%emt 0:00:03]} 37. Qd3 {[%emt 0:00:41]} Qxh4 {[%emt 0:00:27]} 38. Qg3 {[%emt 0:00:31]} Qh5 {[%emt 0:00:34]} 39. Rb1 {[%emt 0:00:56]} Bg6 {[%emt 0:00:51]} 40. Rb8+ {[%emt 0:00:53]} Kh7 {[%emt 0:00:07]} 41. Rb7 {[%emt 0:00:08]} Kh8 {[%emt 0:00:47]} 42. Rb8+ {[%emt 0:05:13]} Kh7 {[%emt 0:00:06]} 43. Rb7 {[%emt 0:00:07]} Kh8 {[%emt 0:00:07]} 44. Ra7 {[%emt 0:00:10]} Nb2 {[%emt 0:01:27]} 45. Ne3 {[%emt 0:01:52]} Nd3 {[%emt 0:00:29]} 46. f3 {[%emt 0:00:55]} Bf7 {[%emt 0:00:32]} 47. f5 {[%emt 0:01:35]} g5 {[%emt 0:00:32]} 48. fxg6 {[%emt 0:00:59]} Bxg6 {[%emt 0:00:11]} 49. Rxa4 {[%emt 0:00:29]} Nc1 {[%emt 0:00:47]} 50. Ra8+ {[%emt 0:00:25]} Kg7 {[%emt 0:00:30]} 51. Ra7+ {[%emt 0:00:35]} Kh8 {[%emt 0:00:09]} 52. Qf4 {[%emt 0:01:25]} 1-0

[Event "25th Abu Dhabi Master 2018"]
[Site "Abu Dhabi"]
[Date "2018.08.08"]
[Round "2"]
[White "Dimakiling, Oliver"]
[Black "Aravindh, Chithambaram VR"]
[Result "0-1"]
[WhiteElo "2401"]
[BlackElo "2581"]
[Annotator "ChessBase"]
[PlyCount "80"]
[EventDate "2018.08.05"]
[EventType "swiss"]
[EventCountry "UAE"]
[SourceTitle "playchess.com"]
[Source "ChessBase"]
[SourceQuality "1"]
[TimeControl "5400+30"]

1. Nf3 {[%emt 0:00:00]} Nf6 {[%emt 0:00:00]} 2. g3 {[%emt 0:00:16]} d5 {[%emt 0:00:02]} 3. Bg2 {[%emt 0:00:39]} e6 {[%emt 0:00:16]} 4. O-O {[%emt 0:00:40]} Be7 {[%emt 0:00:13]} 5. d3 {[%emt 0:00:44]} O-O {[%emt 0:00:12]} 6. Nbd2 {[%emt 0:00:19]} Nc6 {[%emt 0:00:13]} 7. c3 {[%emt 0:00:51]} e5 {[%emt 0:00:43]} 8. Qc2 {[%emt 0:01:23]} Be6 {[%emt 0:13:55]} 9. b4 {[%emt 0:01:07]} Bd6 {[%emt 0:02:02]} 10. Bb2 {[%emt 0:02:22]} Ne7 {[%emt 0:18:53]} 11. e4 {[%emt 0:08:28]} c6 {[%emt 0:01:18]} 12. Rfe1 {[%emt 0:03:10]} Ng6 {[%emt 0:01:39]} 13. a3 {[%emt 0:01:34]} a5 {[%emt 0:04:00]} 14. Nb3 {[%emt 0:05:01]} b6 {[%emt 0:06:39]} 15. Nbd2 {[%emt 0:08:01]} h6 {[%emt 0:05:30]} 16. d4 {[%emt 0:04:43]} dxe4 {[%emt 0:05:37]} 17. Nxe5 {[%emt 0:00:14]} Bxe5 {[%emt 0:00:51]} 18. dxe5 {[%emt 0:00:09]} Nxe5 {[%emt 0:00:06]} 19. Nxe4 {[%emt 0:00:17]} Nxe4 {[%emt 0:07:20]} 20. Bxe4 {[%emt 0:03:43]} Qc7 {[%emt 0:00:19]} 21. Bc1 {[%emt 0:04:13]} Nc4 {[%emt 0:00:42]} 22. Bf4 {[%emt 0:00:54]} Qb7 {[%emt 0:00:25]} 23. a4 {[%emt 0:02:37]} Rfe8 {[%emt 0:03:53]} 24. h4 {[%emt 0:04:48]} Bd5 {[%emt 0:05:15]} 25. Bxd5 {[%emt 0:11:43]} cxd5 {[%emt 0:02:19]} 26. b5 {[%emt 0:00:26]} Qd7 {[%emt 0:04:24]} 27. Qd3 {[%emt 0:02:29]} Re6 {[%emt 0:01:28]} 28. Kg2 {[%emt 0:02:04]} Rae8 {[%emt 0:01:27]} 29. Red1 {[%emt 0:03:36]} Rd8 {[%emt 0:00:17]} 30. Qf3 {[%emt 0:07:47]} f5 {[%emt 0:02:44]} 31. Rd4 {[%emt 0:03:49]} Re4 {[%emt 0:00:12]} 32. Rad1 {[%emt 0:00:26]} Qf7 {[%emt 0:02:52]} 33. g4 {[%emt 0:06:56]} fxg4 {[%emt 0:02:46]} 34. Qxg4 {[%emt 0:00:30]} Nd6 {[%emt 0:01:27]} 35. Rxe4 {[%emt 0:06:31]} Nxe4 {[%emt 0:00:04]} 36. Rd3 {[%emt 0:00:10]} h5 {[%emt 0:01:05]} 37. Qf3 {[%emt 0:02:39]} Rf8 {[%emt 0:00:08]} 38. Bg3 {[%emt 0:00:52]} Qg6 {[%emt 0:00:24]} 39. Qe3 {[%emt 0:00:52]} Rxf2+ {[%emt 0:00:28]} 40. Kh1 {[%emt 0:00:26]} Nxg3+ {[%emt 0:00:23]} 0-1

[Event "25th Abu Dhabi Master 2018"]
[Site "Abu Dhabi"]
[Date "2018.08.08"]
[Round "2"]
[White "Arjun, Kalyan"]
[Black "Istratescu, Andrei"]
[Result "1/2-1/2"]
[WhiteElo "2390"]
[BlackElo "2573"]
[Annotator "TA"]
[PlyCount "137"]
[EventDate "2018.08.05"]
[EventType "swiss"]
[EventCountry "UAE"]
[SourceTitle "playchess.com"]
[Source "ChessBase"]
[SourceQuality "1"]

{[%evp 34,137,16,12,30,18,39,29,36,13,27,1,11,0,28,18,31,25,42,21,27,27,26,23,31,32,12,14,0,0,43,50,35,31,38,37,35,48,32,23,23,19,47,0,0,0,0,0,0,6,18,18,18,18,18,18,18,18,18,18,18,18,19,19,22,29,29,29,33,18,18,0,0,0,0,0,19,19,27,0,27,0,28,28,76,0,0,0,0,0,0,0,0,0,0,0,0,0,0,0,0,0,0,0,0,0]} 1. e4 e5 2. Nf3 Nc6 3. Bb5 a6 4. Ba4 Nf6 5. O-O Be7 6. Re1 b5 7. Bb3 d6 8. c3 O-O 9. h3 Nb8 10. d4 Nbd7 11. Nbd2 Bb7 12. Bc2 Re8 13. Nf1 Bf8 14. Ng3 g6 15. b3 Bg7 16. d5 Rc8 {C95: Closed Ruy Lopez: Breyer Variation with 10 d4} 17. c4 c6 18. Bg5 {LiveBook: 14 Games} bxc4 19. bxc4 Nc5 20. Rb1 a5 {[#]} 21. Ba4 $146 ({Predecessor:} 21. Nd2 cxd5 22. cxd5 h6 23. Be3 Ba6 24. Ba4 {1-0 (32) Kurnosov,I (2669)-Lafuente,P (2559) St Petersburg 2009}) 21... Qc7 22. Nd2 Nfd7 23. Be3 Red8 24. Qc2 h5 25. Ne2 {[%cal Bg3e2,Be2c3,Bc3d5][%mdl 32]} Kh7 26. Nc3 (26. Nf3 {is interesting.} Nxa4 27. Qxa4 f6 28. Nc3 Bh6 29. Qd1) 26... Bh6 27. Bxh6 Kxh6 28. Bxc6 Bxc6 29. dxc6 Qxc6 30. Nd5 {White wants to play Ne7.} Rb8 31. Nb3 Nxb3 32. axb3 Kg7 33. Ra1 Qc5 34. Qc3 Nf6 35. Nxf6 Kxf6 36. Re3 {[%cal Be1e3,Be3d3,Bd3d5][%mdl 32]} Rb4 37. Rd3 Rdb8 38. Ra3 Kg7 39. Rd5 Qb6 {[%cal Rb4b3]} 40. c5 dxc5 41. Qxe5+ Qf6 42. Rxc5 Rxb3 {[#] White must now prevent ...Qxe5.} 43. Rxb3 Rxb3 44. Rxa5 $11 {[%mdl 4096] Endgame KQR-KQR} Rb1+ 45. Kh2 Qxe5+ 46. Rxe5 {KR-KR} Kf6 47. Re8 Rb2 48. Kg3 h4+ 49. Kf3 Rb3+ 50. Kg4 Rb2 51. e5+ Kg7 52. f4 Rxg2+ 53. Kxh4 Rg1 54. Rd8 Rg2 55. Rd7 Kf8 56. Rd3 Kg7 (56... f6 $5) 57. Rg3 Re2 58. Kg5 Ra2 59. f5 ({White should try} 59. Rb3 $16) 59... Rf2 {The position is equal.} 60. f6+ Kh7 61. Re3 Rf5+ 62. Kg4 Kh6 63. h4 Kh7 $1 64. Rc3 {And now Rc5 would win.} Rxe5 65. Rc7 Re4+ 66. Kg3 g5 67. Rxf7+ Kg6 68. Rg7+ Kxf6 69. Rxg5 {Precision: White = 63%, Black = 62%.} 1/2-1/2

[Event "25th Abu Dhabi Master 2018"]
[Site "Abu Dhabi"]
[Date "2018.08.08"]
[Round "2"]
[White "Rakesh, Kumar Jena"]
[Black "Song, Yuxin"]
[Result "1-0"]
[WhiteElo "2385"]
[BlackElo "2126"]
[Annotator "NA"]
[PlyCount "123"]
[EventDate "2018.08.05"]
[EventType "swiss"]
[EventCountry "UAE"]
[SourceTitle "playchess.com"]
[Source "ChessBase"]
[SourceQuality "1"]
[TimeControl "5400+30"]

1. Nf3 {[%emt 0:00:10]} Nf6 {[%emt 0:00:00]} 2. d4 {[%emt 0:00:06]} e6 {[%emt 0:00:08]} 3. Bf4 {[%emt 0:00:07]} c5 {[%emt 0:00:13]} 4. e3 {[%emt 0:00:39]} Nc6 {[%emt 0:00:13]} 5. Nbd2 {[%emt 0:00:09]} d5 {[%emt 0:00:31]} 6. c3 {[%emt 0:00:38]} Bd6 {[%emt 0:01:00]} 7. Bg3 {[%emt 0:00:00]} O-O {[%emt 0:01:56]} 8. Bd3 {[%emt 0:00:00]} b6 {[%emt 0:02:08]} 9. e4 {[%emt 0:00:34]} dxe4 {[%emt 0:11:17]} 10. Nxe4 {[%emt 0:00:16]} Nxe4 {[%emt 0:00:11]} 11. Bxe4 {[%emt 0:00:05]} Bb7 {[%emt 0:00:13]} 12. dxc5 {[%emt 0:13:26]} Bxc5 {[%emt 0:00:50]} 13. Qe2 {[%emt 0:00:07]} Be7 {[%emt 0:12:29]} 14. h4 {[%emt 0:04:48]} h6 {[%emt 0:06:17]} 15. Bf4 {[%emt 0:04:30]} Kh8 {[%emt 0:16:41]} 16. Rh3 {[%emt 0:09:52]} f5 {[%emt 0:08:19]} 17. Bxc6 {[%emt 0:03:09]} Bxc6 {[%emt 0:00:11]} 18. Ne5 {[%emt 0:00:10]} Be8 {[%emt 0:01:03]} 19. Rd3 {[%emt 0:03:08]} Qc8 {[%emt 0:01:27]} 20. O-O-O {[%emt 0:00:22]} Qa6 {[%emt 0:03:01]} 21. Kb1 {[%emt 0:00:06]} Bb5 {[%emt 0:05:01]} 22. Qh5 {[%emt 0:12:05]} Bxd3+ {[%emt 0:00:14]} 23. Rxd3 {[%emt 0:00:01]} Bf6 {[%emt 0:05:13]} 24. Qe2 {[%emt 0:28:13]} Bxe5 {[%emt 0:01:15]} 25. Bxe5 {[%emt 0:00:06]} Rad8 {[%emt 0:00:51]} 26. Bxg7+ {[%emt 0:00:07]} Kh7 {[%emt 0:00:11]} 27. Bd4 {[%emt 0:02:38]} e5 {[%emt 0:00:51]} 28. Kc2 {[%emt 0:08:36]} e4 {[%emt 0:07:23]} 29. Re3 {[%emt 0:00:08]} Qxe2+ {[%emt 0:00:30]} 30. Rxe2 {[%emt 0:00:03]} Rfe8 {[%emt 0:00:28]} 31. g3 {[%emt 0:00:41]} Kg6 {[%emt 0:00:19]} 32. Kd2 {[%emt 0:00:44]} Rd7 {[%emt 0:02:23]} 33. Ke3 {[%emt 0:00:15]} b5 {[%emt 0:00:22]} 34. Kf4 {[%emt 0:01:08]} h5 {[%emt 0:00:37]} 35. b4 {[%emt 0:02:08]} Rc7 {[%emt 0:05:19]} 36. a4 {[%emt 0:01:06]} bxa4 {[%emt 0:02:26]} 37. Ra2 {[%emt 0:00:02]} a6 {[%emt 0:00:55]} 38. Rxa4 {[%emt 0:00:06]} Re6 {[%emt 0:00:03]} 39. Ra5 {[%emt 0:00:10]} e3 {[%emt 0:01:13]} 40. fxe3 {[%emt 0:00:11]} Re4+ {[%emt 0:00:03]} 41. Kf3 {[%emt 0:00:08]} Rc6 {[%emt 0:00:24]} 42. Rd5 {[%emt 0:00:19]} Rce6 {[%emt 0:02:29]} 43. c4 {[%emt 0:00:58]} Rc6 {[%emt 0:00:06]} 44. b5 {[%emt 0:01:20]} axb5 {[%emt 0:01:07]} 45. cxb5 {[%emt 0:00:03]} Rce6 {[%emt 0:00:01]} 46. b6 {[%emt 0:01:59]} Re8 {[%emt 0:02:06]} 47. Rd6+ {[%emt 0:00:07]} Kh7 {[%emt 0:00:24]} 48. Rf6 {[%emt 0:00:12]} R4e7 {[%emt 0:01:22]} 49. Rxf5 {[%emt 0:00:07]} Kg6 {[%emt 0:00:11]} 50. Rf6+ {[%emt 0:00:37]} Kh7 {[%emt 0:00:02]} 51. Rf5 {[%emt 0:02:29]} Kg6 {[%emt 0:00:08]} 52. Rc5 {[%emt 0:00:04]} Rf7+ {[%emt 0:00:24]} 53. Ke2 {[%emt 0:00:06]} Rb8 {[%emt 0:00:08]} 54. Rc6+ {[%emt 0:00:37]} Kf5 {[%emt 0:00:26]} 55. Kf3 {[%emt 0:00:19]} Re8 {[%emt 0:00:11]} 56. b7 {[%emt 0:00:17]} Rxe3+ {[%emt 0:00:22]} 57. Kxe3 {[%emt 0:00:15]} Rxb7 {[%emt 0:00:06]} 58. Kf3 {[%emt 0:00:05]} Rb3+ {[%emt 0:00:06]} 59. Be3 {[%emt 0:00:02]} Ra3 {[%emt 0:00:21]} 60. Rc5+ {[%emt 0:00:03]} Kg6 {[%emt 0:00:15]} 61. Rg5+ {[%emt 0:00:04]} Kf6 {[%emt 0:00:13]} 62. Rxh5 {[%emt 0:00:05]} 1-0

[Event "25th Abu Dhabi Master 2018"]
[Site "Abu Dhabi"]
[Date "2018.08.08"]
[Round "2"]
[White "Anand, Nadar"]
[Black "Bartakke, Amardeep S"]
[Result "1-0"]
[WhiteElo "2377"]
[BlackElo "2133"]
[Annotator "NA"]
[PlyCount "99"]
[EventDate "2018.08.05"]
[EventType "swiss"]
[EventCountry "UAE"]
[SourceTitle "playchess.com"]
[Source "ChessBase"]
[SourceQuality "1"]
[TimeControl "5400+30"]

1. Nf3 {[%emt 0:00:00]} Nf6 {[%emt 0:00:56]} 2. c4 {[%emt 0:00:00]} e6 {[%emt 0:00:19]} 3. g3 {[%emt 0:00:00]} d5 {[%emt 0:00:14]} 4. Bg2 {[%emt 0:00:26]} Be7 {[%emt 0:00:41]} 5. O-O {[%emt 0:01:22]} O-O {[%emt 0:00:06]} 6. d4 {[%emt 0:00:33]} Nbd7 {[%emt 0:01:13]} 7. Qc2 {[%emt 0:02:11]} c6 {[%emt 0:00:20]} 8. Nbd2 {[%emt 0:00:04]} b6 {[%emt 0:03:17]} 9. e4 {[%emt 0:00:59]} Bb7 {[%emt 0:04:55]} 10. e5 {[%emt 0:00:23]} Ne8 {[%emt 0:06:18]} 11. cxd5 {[%emt 0:00:31]} cxd5 {[%emt 0:00:06]} 12. Re1 {[%emt 0:00:04]} Rc8 {[%emt 0:01:55]} 13. Qa4 {[%emt 0:01:34]} Bc6 {[%emt 0:00:29]} 14. Qb3 {[%emt 0:00:05]} b5 {[%emt 0:01:19]} 15. Nf1 {[%emt 0:13:26]} Nb6 {[%emt 0:02:42]} 16. h4 {[%emt 0:09:44]} b4 {[%emt 0:00:53]} 17. Qd3 {[%emt 0:13:19]} Ba4 {[%emt 0:03:57]} 18. b3 {[%emt 0:02:41]} Rc3 {[%emt 0:02:04]} 19. Qa6 {[%emt 0:07:31]} Bd7 {[%emt 0:09:39]} 20. Bd2 {[%emt 0:03:11]} Rc6 {[%emt 0:02:57]} 21. Qa5 {[%emt 0:03:47]} Qb8 {[%emt 0:01:17]} 22. Rac1 {[%emt 0:01:51]} Nc8 {[%emt 0:08:41]} 23. Ne3 {[%emt 0:03:13]} Qb6 {[%emt 0:03:39]} 24. Qxb6 {[%emt 0:00:28]} Nxb6 {[%emt 0:00:03]} 25. Bf1 {[%emt 0:01:42]} Na8 {[%emt 0:00:17]} 26. Rxc6 {[%emt 0:01:39]} Bxc6 {[%emt 0:02:33]} 27. Rc1 {[%emt 0:00:01]} Bd7 {[%emt 0:00:04]} 28. Nc2 {[%emt 0:09:37]} a5 {[%emt 0:03:42]} 29. a3 {[%emt 0:00:21]} a4 {[%emt 0:03:36]} 30. Bxb4 {[%emt 0:01:28]} Bxb4 {[%emt 0:00:04]} 31. Nxb4 {[%emt 0:00:10]} axb3 {[%emt 0:00:11]} 32. Nd2 {[%emt 0:01:41]} b2 {[%emt 0:10:54]} 33. Rb1 {[%emt 0:01:31]} Nec7 {[%emt 0:01:35]} 34. Rxb2 {[%emt 0:00:01]} Rb8 {[%emt 0:01:03]} 35. Rc2 {[%emt 0:04:22]} Kf8 {[%emt 0:00:31]} 36. Nb3 {[%emt 0:06:14]} Ke8 {[%emt 0:02:33]} 37. Nc5 {[%emt 0:01:07]} Bb5 {[%emt 0:01:27]} 38. Nca6 {[%emt 0:02:14]} Bxa6 {[%emt 0:03:38]} 39. Bxa6 {[%emt 0:00:22]} Kd7 {[%emt 0:00:48]} 40. Bd3 {[%emt 0:00:41]} h6 {[%emt 0:01:51]} 41. f4 {[%emt 0:00:58]} Rb7 {[%emt 0:00:58]} 42. f5 {[%emt 0:01:43]} Ra7 {[%emt 0:00:46]} 43. fxe6+ {[%emt 0:00:27]} Nxe6 {[%emt 0:02:46]} 44. Bb5+ {[%emt 0:00:14]} Kd8 {[%emt 0:04:40]} 45. Nc6+ {[%emt 0:00:02]} Kc7 {[%emt 0:00:07]} 46. Nxa7+ {[%emt 0:00:04]} Kb6 {[%emt 0:00:05]} 47. Bc6 {[%emt 0:02:41]} Nxd4 {[%emt 0:04:28]} 48. Rb2+ {[%emt 0:00:05]} Kxa7 {[%emt 0:00:19]} 49. Bxa8 {[%emt 0:00:02]} Kxa8 {[%emt 0:00:05]} 50. Rf2 {[%emt 0:00:28]} 1-0